00981nam a2200265Ia 4500003000400000005001700004008004000021040000700061041000800068082001500076100003000091245007900121260001900200300001700219440001400236520015900250650002500409650002500434650003400459690002700493906001100520942001200531999001900543952015300562OSt20241109100018.0210210b2010 xxu||||| |||| 00| 0 eng d cAL aeng a954.8 BHAH aBHAT (P Gururaja)9183443 aHistory and culture of south India: discoveries in coastal Karnataka Vol I aUdupib-c2010 axviii,364+40 aI9183444 aHistory and Culture of South India encapsulates Dr. Bhat's effort to chronologically locate temples of coastal Karnataka, and the icons installed in them. aSouth Kanara9183445 aSouth Canara9184673 aTemples South Kanara 9183447 aIndian History9183446 a069477 2ddccBK c118962d118962 00102ddc4074aALbALd2021-02-17eNavakarnataka Publication Pvt Ltd Mangaloreg400.00l0o954.8 BHAHp069477r2021-02-17 00:00:00w2021-02-17yBK